000 00326nam a22001337a 4500
008 170614b xxu||||| |||| 00| 0 eng d
020 _a9780534366391
041 _aeng
080 _a32
100 _a19
101 _aSHP
245 _aCRISIS INTERVENTION CRISES HOW TO RESPOND TO THEM
_cLEVITON.G
942 _2udc
_cBK
999 _c17335
_d17335